[Event "Challenge"]
[Site "http://www.queenalice.com/game.php?id=434593"]
[Date "2008.7.17"]
[Round "-"]
[White "Andre251"]
[Black "tibigratia"]
[Result "0-1"]
[WhiteElo "1717"]
[BlackElo "1500"]

1. e4 c6 2. Bc4 d5 3. exd5 cxd5 4. Bb3 Nf6 5. d4 Nc6 6. f3 Bf5 7. Be3 e6 8. Qe2
Bd6 9. c3 Qc7 10. Nh3 O-O 11. Na3 Bxa3 12. bxa3 Bxh3 13. gxh3 Na5 14. Qc2 Nc4
15. Bxc4 Qxc4 16. h4 Rfc8 17. a4 Qxc3+ 18. Qxc3 Rxc3 19. Kf2 Rc2+ 20. Kg3 Nh5+
21. Kg4 g6 22. Rhg1 Rxh2 23. Rh1 f5+ 24. Kg5 Kg7 0-1

[Event "Let's Play Chess!"]
[Site "http://www.queenalice.com/game.php?id=897865"]
[Date "2011.2.9"]
[Round "-"]
[White "tibigratia"]
[Black "ensito"]
[Result "1-0"]
[WhiteElo "1809"]
[BlackElo "1742"]

1. e4 e5 2. Nf3 d6 3. d4 Bg4 4. dxe5 Bxf3 5. Qxf3 dxe5 6. Bc4 f6 7. Qb3 Ke7 8.
Bxg8 Qd7 9. Qf7+ Kd8 10. Qxf8+ Qe8 11. Qxe8+ Kxe8 12. Bc4 Nc6 13. Be3 Nb4 14.
Na3 c6 15. c3 Na6 16. O-O-O b5 17. Nxb5 1-0

[Event "AUTO-OPEN-2262"]
[Site "http://www.queenalice.com/game.php?id=899240"]
[Date "2011.2.12"]
[Round "1"]
[White "MariusLola"]
[Black "tibigratia"]
[Result "0-1"]
[WhiteElo "1757"]
[BlackElo "2126"]

1. Nf3 Nf6 2. g3 g6 3. Bg2 Bg7 4. d4 c5 5. d5 d6 6. Nc3 b5 7. O-O b4 8. Na4 Bd7
9. b3 Bxa4 10. bxa4 Ne4 11. Rb1 Nc3 12. Qd3 Nxb1 13. a3 Nc3 14. Bd2 a5 15. Bxc3
Bxc3 16. Qb5+ Qd7 17. Qc4 Qxa4 18. Qa2 Nd7 19. Rb1 Qxa3 20. Qb3 Qxb3 21. cxb3 a4
22. bxa4 Rxa4 23. Bh3 Ra1 24. Rxa1 Bxa1 25. Nd2 Nb6 26. Nb3 Bg7 27. e4 c4 0-1

[Event "AUTO-OPEN-2262"]
[Site "http://www.queenalice.com/game.php?id=899241"]
[Date "2011.2.12"]
[Round "1"]
[White "tibigratia"]
[Black "MariusLola"]
[Result "1-0"]
[WhiteElo "2118"]
[BlackElo "1761"]

1. e4 e5 2. Nf3 Nc6 3. Bb5 a6 4. Ba4 b5 5. Bb3 Nf6 6. O-O Bd6 7. Re1 O-O 8. c3
a5 9. d4 a4 10. Bd5 Bb7 11. Bxc6 Bxc6 12. dxe5 Bxe5 13. Nxe5 Re8 14. Nxc6 dxc6
15. Qxd8 Raxd8 16. f3 c5 17. Be3 c4 18. Na3 c6 19. Rad1 Rd3 20. Rxd3 cxd3 21.
Rd1 h6 22. Rxd3 g5 23. c4 Rb8 24. Rd6 Kg7 25. Bd4 1-0

[Event "AUTO-OPEN-2262"]
[Site "http://www.queenalice.com/game.php?id=899262"]
[Date "2011.2.12"]
[Round "1"]
[White "limaosiciliano"]
[Black "tibigratia"]
[Result "0-1"]
[WhiteElo "2002"]
[BlackElo "1920"]

1. e4 e5 2. Nf3 Nc6 3. d4 exd4 4. Nxd4 Bc5 5. Be3 Qf6 6. c3 Nge7 7. Bb5 a6 8.
Ba4 O-O 9. O-O b5 10. Bc2 Bb6 11. f4 Bb7 12. Rf3 d6 13. Rh3 Ng6 14. Qh5 h6 15.
Nf5 Nxf4 0-1

[Event "AUTO-OPEN-2262"]
[Site "http://www.queenalice.com/game.php?id=899263"]
[Date "2011.2.12"]
[Round "1"]
[White "tibigratia"]
[Black "limaosiciliano"]
[Result "1-0"]
[WhiteElo "2040"]
[BlackElo "2031"]

1. e4 e5 2. Nf3 Nc6 3. Bb5 a6 4. Ba4 Nf6 5. O-O Be7 6. Re1 b5 7. Bb3 d6 8. c3
Nb8 9. d4 Nbd7 10. Nbd2 O-O 11. Nf1 c5 12. Ng3 Re8 13. Nf5 Bf8 14. Bc2 exd4 15.
cxd4 Bb7 16. d5 c4 17. h3 Nc5 18. Qd4 Bc8 19. Ng3 g6 20. Bg5 Bg7 21. e5 1-0

[Event "AUTO-OPEN-2262"]
[Site "http://www.queenalice.com/game.php?id=899276"]
[Date "2011.2.12"]
[Round "1"]
[White "tibigratia"]
[Black "GEORGESILVA"]
[Result "1-0"]
[WhiteElo "2130"]
[BlackElo "2213"]

1. e4 c5 2. Nf3 Nc6 3. d4 cxd4 4. Nxd4 a6 5. Nc3 d6 6. Be2 Nf6 7. O-O e5 8. Nb3
Be7 9. Be3 O-O 10. Qd2 b5 11. f3 Bb7 12. Nd5 Nxd5 13. exd5 Nb8 14. Na5 Bc8 15.
a4 f5 16. axb5 f4 17. Bf2 Bf5 18. b6 Bh4 19. Bxh4 Qxh4 20. b7 Ra7 21. Qb4 Qd8
22. Nc6 Nxc6 23. dxc6 Qc7 24. Rfd1 h5 25. Rxd6 a5 26. Qc5 a4 27. Bc4+ Kh7 28.
Rd5 a3 29. Qxf8 Be6 30. Bd3+ g6 31. Rd7+ Bxd7 32. Qf7+ Kh8 33. Bxg6 Qb6+ 34. Kh1
1-0

[Event "AUTO-OPEN-2262"]
[Site "http://www.queenalice.com/game.php?id=899277"]
[Date "2011.2.12"]
[Round "1"]
[White "GEORGESILVA"]
[Black "tibigratia"]
[Result "0-1"]
[WhiteElo "2213"]
[BlackElo "2190"]

1. e4 c6 2. d4 d5 3. exd5 cxd5 4. Nf3 Nf6 5. h3 e6 6. c4 Bb4+ 7. Bd2 Be7 8. Bd3
dxc4 9. Bxc4 O-O 10. O-O b6 11. Bd3 Bb7 12. Bc3 Nc6 13. Nbd2 Nd5 14. Ne4 Rc8 15.
Qd2 Ncb4 16. Bb1 Nxc3 17. bxc3 Nd5 18. Rc1 Ba3 19. Re1 Qc7 20. Bd3 Nxc3 21. Nf6+
gxf6 22. Qh6 f5 23. Ng5 f6 24. Nxe6 Qf7 25. Bxf5 Kh8 26. Re3 Rg8 27. g4 Bb2 28.
Rae1 Nd5 29. Rg3 Rge8 30. h4 Bxd4 31. Rd1 Rxe6 32. Bxe6 Qxe6 33. g5 Qe2 34. Rf1
Bxf2+ 0-1

[Event "AUTO-MASTER-2692"]
[Site "http://www.queenalice.com/game.php?id=1514708"]
[Date "2018.2.4"]
[Round "1"]
[White "tibigratia"]
[Black "CCapivara"]
[Result "1-0"]
[WhiteElo "2031"]
[BlackElo "2269"]

1. e4 d6 2. d4 Nf6 3. Nc3 c6 4. Nf3 Bg4 5. h3 Bh5 6. Be2 Nbd7 7. O-O e5 8. Be3
Be7 9. Nh4 Bg6 10. Nxg6 hxg6 11. a4 Qc7 12. d5 O-O 13. a5 cxd5 14. exd5 a6 15.
Na4 Rac8 16. c4 Nc5 17. Nb6 Rcd8 18. b4 Ncd7 19. Rc1 Nh7 20. c5 Nxb6 21. axb6
Qb8 22. c6 bxc6 23. dxc6 Rc8 24. c7 Qb7 25. Qa4 1-0

[Event "AUTO-MASTER-2692"]
[Site "http://www.queenalice.com/game.php?id=1514709"]
[Date "2018.2.4"]
[Round "1"]
[White "CCapivara"]
[Black "tibigratia"]
[Result "0-1"]
[WhiteElo "2282"]
[BlackElo "2131"]

1. e4 c6 2. d4 d5 3. exd5 cxd5 4. Nf3 Nf6 5. Bd3 Bg4 6. O-O e6 7. Bg5 Be7 8.
Nbd2 O-O 9. c3 Nc6 10. Qa4 h6 11. Bh4 g5 12. Bg3 Nh5 13. Ne5 Nxg3 14. hxg3 Nxe5
15. dxe5 Bh5 16. Qc2 Qc7 17. Rae1 Bc5 18. Kh2 f5 19. exf6 Rxf6 20. Nb3 Bb6 21.
f3 e5 22. Bf5 Raf8 23. g4 e4+ 24. g3 Rxf5 25. gxf5 Bxf3 26. Rxf3 exf3 27. Re6
Qf7 28. g4 Qc7+ 29. Kh3 Qc4 30. Kg3 f2 31. Rg6+ Kh7 32. f6 Qf4+ 0-1

[Event "AUTO-MASTER-2692"]
[Site "http://www.queenalice.com/game.php?id=1514710"]
[Date "2018.2.4"]
[Round "1"]
[White "tibigratia"]
[Black "Mugo"]
[Result "1-0"]
[WhiteElo "2074"]
[BlackElo "2057"]

1. e4 e5 2. Nf3 Nc6 3. Bb5 a6 4. Ba4 b5 5. Bb3 h6 6. O-O Nf6 7. Re1 Bc5 8. c3 d5
9. exd5 Nxd5 10. Nxe5 Nxe5 11. Rxe5+ Be6 12. Bxd5 Qd6 13. Rxe6+ 1-0

[Event "AUTO-MASTER-2692"]
[Site "http://www.queenalice.com/game.php?id=1514711"]
[Date "2018.2.4"]
[Round "1"]
[White "Mugo"]
[Black "tibigratia"]
[Result "1/2-1/2"]
[WhiteElo "2057"]
[BlackElo "2188"]

1. e4 c6 2. Nf3 d5 3. exd5 cxd5 4. d4 Nf6 5. Bd3 Bg4 6. h3 Bxf3 7. Qxf3 e6 8.
O-O Nc6 9. c3 Be7 10. Bf4 O-O 11. Nd2 Re8 12. Rfe1 Bd6 13. a3 e5 14. dxe5 Nxe5
15. Bxe5 Bxe5 1/2-1/2

[Event "AUTO-MASTER-2692"]
[Site "http://www.queenalice.com/game.php?id=1514712"]
[Date "2018.2.4"]
[Round "1"]
[White "tibigratia"]
[Black "bmax"]
[Result "1-0"]
[WhiteElo "2098"]
[BlackElo "2266"]

1. e4 d6 2. d4 Nf6 3. Nc3 e5 4. Nf3 exd4 5. Nxd4 Be7 6. g3 O-O 7. Bg2 Nc6 8.
Nxc6 bxc6 9. O-O Re8 10. e5 dxe5 11. Bxc6 Bd7 12. Bxd7 Nxd7 13. Qe2 Bd6 14. Be3
Rb8 15. b3 a5 16. Rad1 e4 17. Bd4 Rb4 18. Nd5 Rb7 19. Qg4 Be5 20. Qxe4 Bxd4 21.
Qxd4 Nf6 22. Rfe1 Rxe1+ 23. Rxe1 Nxd5 24. Qxd5 Rb8 25. Qxa5 Qd6 26. Qe5 Qxe5 27.
Rxe5 f6 28. Re7 c5 29. Rc7 1-0

[Event "AUTO-MASTER-2692"]
[Site "http://www.queenalice.com/game.php?id=1514713"]
[Date "2018.2.4"]
[Round "1"]
[White "bmax"]
[Black "tibigratia"]
[Result "0-1"]
[WhiteElo "2259"]
[BlackElo "2162"]

1. d4 c6 2. Bf4 d5 3. Nf3 Nf6 4. e3 Bf5 5. c4 e6 6. Nc3 Nbd7 7. Qb3 Qb6 8. c5
Qxb3 9. axb3 a6 10. b4 Rc8 11. h3 Be7 12. Be2 Ne4 13. g4 Nxc3 14. bxc3 Be4 15.
h4 f6 16. Bd6 Bxd6 17. cxd6 Bxf3 18. Bxf3 Nb6 19. Be2 Kd7 20. Kd2 Kxd6 21. f4 e5
22. fxe5+ fxe5 23. Raf1 Rcf8 24. dxe5+ Kxe5 25. g5 Nc8 26. h5 Nd6 27. Rh4 Ne4+
28. Kc2 Rxf1 29. Bxf1 Rf8 30. Bd3 Rf2+ 31. Kc1 Nxg5 32. e4 dxe4 0-1

[Event "AUTO-MASTER-2692"]
[Site "http://www.queenalice.com/game.php?id=1527191"]
[Date "2018.5.14"]
[Round "2"]
[White "Canaye"]
[Black "tibigratia"]
[Result "1/2-1/2"]
[WhiteElo "1880"]
[BlackElo "2206"]

1. d4 d5 2. c4 c6 3. Nc3 Nf6 4. cxd5 cxd5 5. h3 Nc6 6. Bf4 a6 7. e3 Bf5 8. Bd3
Bxd3 9. Qxd3 e6 10. Nf3 Be7 11. a3 O-O 12. O-O Na5 13. Nd2 Rc8 14. Rfc1 Nc4 15.
Rc2 b5 16. Nxc4 bxc4 17. Qe2 h6 18. Rd1 Qd7 19. e4 Nxe4 20. Nxe4 dxe4 21. Qxe4
Bf6 22. d5 exd5 1/2-1/2

[Event "AUTO-MASTER-2692"]
[Site "http://www.queenalice.com/game.php?id=1527192"]
[Date "2018.5.14"]
[Round "2"]
[White "tibigratia"]
[Black "Canaye"]
[Result "1-0"]
[WhiteElo "2181"]
[BlackElo "1917"]

1. e4 e6 2. d4 d5 3. Nc3 dxe4 4. Nxe4 Nd7 5. Nf3 Ngf6 6. Nxf6+ Nxf6 7. Bd3 Bd6
8. Qe2 Nd5 9. O-O c5 10. dxc5 Bxc5 11. Rd1 Qb6 12. Bb5+ Kf8 13. Rxd5 Bxf2+ 14.
Kh1 Bc5 15. Bg5 f6 16. Rad1 Ke7 17. Qe5 Qxb5 18. Qc7+ 1-0

[Event "AUTO-MASTER-2692"]
[Site "http://www.queenalice.com/game.php?id=1527195"]
[Date "2018.5.14"]
[Round "2"]
[White "tibigratia"]
[Black "Buuuu"]
[Result "1-0"]
[WhiteElo "2188"]
[BlackElo "2192"]

1. e4 c6 2. d4 d5 3. exd5 cxd5 4. c4 Nf6 5. Nc3 Nc6 6. Bg5 Ne4 7. Nxe4 dxe4 8.
d5 Ne5 9. Qd4 f6 10. Qxe4 Qb6 11. Bd2 e6 12. f4 Nf7 13. O-O-O Bc5 14. dxe6 Nd6
15. Qd5 Bxg1 16. Rxg1 Qxg1 17. c5 1-0

[Event "AUTO-MASTER-2692"]
[Site "http://www.queenalice.com/game.php?id=1527196"]
[Date "2018.5.14"]
[Round "2"]
[White "Buuuu"]
[Black "tibigratia"]
[Result "0-1"]
[WhiteElo "2192"]
[BlackElo "2192"]

1. e4 c6 2. d4 d5 3. e5 Bf5 4. Nc3 e6 5. g4 Bg6 6. Nge2 Ne7 7. f4 h5 8. f5 exf5
9. g5 Na6 10. h4 Nc7 11. Be3 Ne6 12. Qd2 Nc8 13. Bh3 Nb6 14. O-O Nc4 15. Qc1 Be7
16. Bxf5 Bxf5 17. Rxf5 Qd7 18. Rf3 c5 19. Bf2 cxd4 20. Nxd4 Nxd4 0-1